000 00949nam a22001457a 4500
005 20230621115403.0
008 230621b ||||| |||| 00| 0 eng d
020 _a9781451118056
050 _aRM301.P65(3e)
245 _aPrinciples of pharmacology;
_bThe pathophysiological basis of drug therapy
300 _axxi, 954 pages:
_bill.; col.
_c28cm
500 _aincludes credit list and index
505 _aContent: Fundamental principles of pharmacology-- Principles of neuropharmacology--fundamental principles of neuropharmacology-- principles of autonomic and peripheral nervous system pharmacology-- principles of central nervous system pharmacology-- principles of cardiovascular pharmacology-- principles of endocrine pharmacology-- principles of chemotherapy-- principles of inflammation and immune pharmacology-- fundamentals of drug development and regulation--environmental toxicology-- frontiers in pharmacology.
942 _2lcc
_cBK
_e3rd ed
999 _c9789
_d17289